Biggest African Cities by Letter - H - Statistics

General Stats
  • This quiz has been taken 246 times
    191 since last reset
  • The average score is 4 of 7
Answer Stats
Pop Country Hint City % Correct
157,000 Ethiopia Historic walled city Harar
99%
1,491,740 Zimbabwe Found by Lord Salisbury Harare
99%
741,000 Somalia Somaliland biggest city Hargeysa
70%
595,304 Angola Formally named New Lisbon Huambo
38%
214,247 Egypt Red Sea resort Hurghada
37%
422,200 Ethiopia _______ University Hawassa
15%
188,200 Ethiopia Central Ethiopian capital Hosaena
2%
No matching quizzes found
Score Distribution
Percent of People with Each Score
Percentile by Number Answered
Your Score History
You have not taken this quiz since the last reset